000 00976nam a2200241 a 4500
001 BRCA_919
005 20190320203215.0
008 140408s2006----us-o---###---#000-0#eng-#
020 _a0965133346
050 4 _aNK7398.T5
_b.B55 2006
100 1 _aBlades, John M.
_93042
245 1 0 _aTiffany at the World´s Columbian Exposition
_cJohn M. Blades y John Loring.
260 _aPalm Beach, Florida
_bHenry Morrison Flager Museum : Axxa Art
_c2006
300 _a155 p.
_bil. (algunas a color), fotografías
_c24 cm.
500 _aCatálogo de la exposición realizada en el Henry Morrison Flager Museum (Palm Beach, Florida), 17 enero - 16 abril, 2006
500 _aIncluye índice de nombres y términos
610 2 4 _aTiffany and Co.
_vCatálogos
_xColecciones de platería
_93043
650 1 4 _aPlatería
_vCatálogos
_93044
650 1 4 _aExposición Mundial de Columbia
_vCatálogos
_zChicago
_93045
650 1 4 _aJoyería
_92729
700 1 _aLoring, John
_92726
942 _2lcc
_cB
999 _c810
_d810